00880nam a2200229 i 450000100060000000300090000600500170001500700030003200800410003508000190007610000320009524501010012726000540022830000410028265000610032365000240038470000450040870000360045385200220048999900170051195201220052863487ES-MaACL20230906164902.0t|031211s1968 sp ||||1| spa d a616.711-007.551 aFerrer Torrelles, M.95050010aEscoliosis / cpor M. Ferrer Torrelles, M.T. Ceballos Saenz de Cenzano, M. Palazón de Barreda. aMadrid : bFundación Jiménez Díaz, c[1968] a290 p., 12 lám. : bil. ; c24 cm.04aColumna vertebral-xAnomalías y malformaciones.911154 4aEscoliosis.91470211 aCeballos Saenz de Cenzano, M. T.91432701 aPalazón de Barreda, M.988518 aES-MaACLjC-37963 c63487d63487 00104070aATENEOMbATENEOMcDEPO2d2008-01-17eSCl0oC-37963p1066544r2023-02-23 00:00:00w2023-02-23yMONOGRAFIA